000 00903nam a2200241 i 4500
001 bg
245 1 0 _aMateriały pomocnicze do studiowania statystyki :
_bwspomaganie komputerowe.Cz. /
_cred. nauk. Irena Kasperowicz-Ruka ; zespół aut. Anita Abramowska [et al.]
_n2,Odpowiedzi do zadań i wydruki.
260 _aWarszawa :
_bSzkoła Główna Handlowa. Oficyna Wydawnicza,
_c2004.
300 _a374 s. ;
_c24 cm.
650 9 _aStatystyka
650 9 _aStatystyka
_xoprogramowanie
655 _aĆwiczenia i zadania dla szkół wyższych
700 1 _aKASPEROWICZ-RUKA, Irena.
_eRed.
700 1 _aABRAMOWSKA, Anita
020 _a8373780432
040 _cBPK
041 0 _apol
080 _a311:519.2:004.42](075.8)(076)
920 _a83-7378-043-2
942 _cKS
008 s pl f |000 0 pol
999 _c45167
_d45167
856 _uhttp://koha.tu.koszalin.pl/cgi-bin/koha/opac-detail.pl?biblionumber=45167
_yKatalog online BPK